000
00252nam a2200109Ia 4500
005
20251222152716.0
008
251222s9999||||xx |||||||||||||| ||spa||
082
_a
868.993.6/H43/Ej.11
100
_a
Hernández, Arturo
245
0
_a
Sangama
942
_c
LIB
999
_c
29409
_d
29409